000 00368nam a22001457a 4500
020 _qPB.
040 _cFIZZA ISHAQ
082 _a512.13
_bBLI
100 _aBlitzer,Robert.
_9131686
245 _aMath 112 Algebra and Trigonometry /
_cRobert Blitzer.
250 _a4th ED.
260 _aNEW YORK:
_bPEARSON,
_c2010.
300 _a820 P. ; index inc
942 _2ddc
_cBK
999 _c615294
_d615294